000 01108nam a22003017a 4500
001 6897
003 FISKH
005 20250605093054.0
008 250605b cb ||||| |||| 00| 0 eng d
020 _a9780152016982
040 _aFISKH
_beng
_cFISKH
_dFISKH
050 _aTX770.T65 P38
082 _a641.8
100 _aPailsen, Gary
_d(1939–2021)
245 _aThe tortilla factory /
_cGary Paulsen ; Paintings by Ruth Wright Paulsen
250 _aThis edition first published in 1995
260 _aFlorida :
_bVoyager,
_c1995
300 _a28 unnumbered pages :
_bcolor illustrations ;
_c22 x 28 cm
505 _aR
520 _aShows a cycle of life--from seed to plant to tortilla, as workers till the soil, operate the clanking machinery of the factory, and drive the trucks that deliver the tortillas back into the hands that will plant the yellow seeds.
521 8 _a670
_bLexile
521 8 _aR
_bRaz-Plus
650 _2Informational
_aMulticultural
650 _2Organization
_aFarming
700 _aPaulsen, Wright Ruth
_dillustrator
942 _2ddc
_cBK
_n0
999 _c6897
_d6897